Представление документа в формате RUSMARC

ПолеНазваниеЗначение
  Тип записи a
  Библиографический уровень m
001 Контрольный номер RU/SLIB/B/208701272
005 Дата корректировки 20230721114829.1
010 Индекс ISBN __
d Цена 25-00
101 Язык документа 0_
a Язык текста rus
c Язык оригинала rus
200 Заглавие и сведения об ответственности 0_
a Заглавие Газ Западной Сибири
f Первые сведения об ответственности авт.-сост. Б. И. Лившиц ; редкол.: В. С. Черномырдин [и др.]
b Общее обозначение материала Текст
210 Выходные данные 1_
a Место издания М.
c Издательство Недра
d Дата издания 1987
215 Физическое описание __
a Объем 160 с.
c Иллюстрации/тип воспроизводства ил.
601 Наименование организации как предмет 02
a Наименование организации как предмет Сургуттрансгаз, ООО
601 Наименование организации как предмет 02
a Наименование организации как предмет Ямбурггаздобыча, ООО
601 Наименование организации как предмет 02
a Наименование организации как предмет Надымгазпром, ООО
601 Наименование организации как предмет 02
a Наименование организации как предмет Тюментрансгаз, ООО
601 Наименование организации как предмет 02
a Наименование организации как предмет Уренгойгаздобыча, ООО
606 Тематические рубрики __
a Основная рубрика Экономика
606 Тематические рубрики __
a Основная рубрика Экономика топливной промышленности
y Географическая подрубрика Западная Сибирь; Россия
y Географическая подрубрика Надым
y Географическая подрубрика Новый Уренгой
y Географическая подрубрика Сургут
y Географическая подрубрика Тюменская область
y Географическая подрубрика Ханты-Мансийский автономный округ
y Географическая подрубрика ХМАО
y Географическая подрубрика Ямбург
610 Ключевые слова 0_
a Ключевые слова газодобывающие предприятия; газодобывающая промышленность; история предприятий
a Ключевые слова краеведение; газовая промышленность; топливная промышленность; газ
686 Индексы других классификаций __
2 Код системы rubbks
a Классификационный индекс К65.305.143(2Рос-4Тюм)
702 Вторичная интеллектуальная ответственность _1
a Фамилия Лившиц
b Имя Б. И.
4 Код отношения Составитель
4 Код отношения 220
702 Вторичная интеллектуальная ответственность _1
a Фамилия Черномырдин
b Имя В. С.
4 Код отношения Редактор
4 Код отношения 340
801 Источник записи _0
a Страна RU
b Организация Муниципальное бюджетное учреждение культуры "Централизованная библиотечная система" г. Сургут (Центральная городская библиотека им. А. С. Пушкина)
g Правила каталогизации ОБ/Бутенко
801 Источник записи _1
a Страна RU
b Организация Муниципальное бюджетное учреждение культуры "Централизованная библиотечная система" г. Сургут (Центральная городская библиотека им. А. С. Пушкина)
g Правила каталогизации ОБ/Бутенко
852 Данные о местонахождении __
j Шифр хранения К65.305.143(2Рос-4Тюм)
c Каталожный индекс К65.304.13(2Рос-4Тюм)
i Авторский знак Г 13
p Инвентарный номер 69560
901 Тип документа __
t Тип документа m
903 Характеристики (МАРС) __
a Дата передачи 19980930
990 Данные о заказе (DOS) 00
j Количество экземпляров (DOS) 1
t N записи в КСУ для И/У (DOS) 199801